Association for Project Management (Record no. 119618)
[ view plain ]
| 000 -LEADER | |
|---|---|
| fixed length control field | 00755cam a2200145 4500 |
| 001 - CONTROL NUMBER | |
| control field | WS108084 |
| 008 - FIXED-LENGTH DATA ELEMENTS--GENERAL INFORMATION | |
| fixed length control field | 000000n 000 0 eng u |
| 035 ## - SYSTEM CONTROL NUMBER | |
| System control number | (Sirsi) u108084 |
| 110 ## - MAIN ENTRY--CORPORATE NAME | |
| Corporate name or jurisdiction name as entry element | Association for Project Management |
| 9 (RLIN) | 3835 |
| 245 ## - TITLE STATEMENT | |
| Title | Association for Project Management |
| 520 ## - SUMMARY, ETC. | |
| Summary, etc. | Detailed site for this UK based organisation. Includes the 'APM Body of Knowledge' which is the essence of what they consider to be the knowledge and experience that people involved in the formal management of projects need to have and the '40 Key Competencies' which are the 40 main skills which project managers need. |
| 690 ## - LOCAL SUBJECT ADDED ENTRY--TOPICAL TERM (OCLC, RLIN) | |
| Topical term or geographic name as entry element | Project management |
| 9 (RLIN) | 6261 |
| 856 40 - ELECTRONIC LOCATION AND ACCESS | |
| Uniform Resource Identifier | <a href="https://www.apm.org.uk">https://www.apm.org.uk</a> |
| Public note | View the website free of charge at www.apm.org.uk... |
| 942 ## - ADDED ENTRY ELEMENTS (KOHA) | |
| Suppress in OPAC | 0 |
| Withdrawn status | Lost status | Source of classification or shelving scheme | Damaged status | Not for loan | Home library | Current library | Shelving location | Date acquired | Total Checkouts | Full call number | Barcode | Date last seen | Copy number | Price effective from | Koha item type |
|---|---|---|---|---|---|---|---|---|---|---|---|---|---|---|---|
| Dewey Decimal Classification | Virtual | Virtual | Online | 30/08/2000 | WEB SITE | 108084-2001 | 06/08/2019 | 1 | 06/08/2019 | Online material |